000 00267nam a2200121Ia 4500
008 241002s9999 xx 000 0 und d
082 _a539 VAS
100 _aVasilyer, M.
245 0 _amatter and man
260 _aMoscow:
_cN/A
600 _aLiterature
942 _cUC
999 _c18892
_d18892